Who Wrote That? #22 - Statistics

General Stats
  • This quiz has been taken 29 times
  • The average score is 3 of 10
Answer Stats
Hint Explanation Answer % Correct
“She walks in beauty, like the night
Of cloudless climes and starry skies;
And all that’s best of dark and bright
Meet in her aspect and her eyes;
Thus mellowed to that tender light
Which heaven to gaudy day denies.”
“She Walks in Beauty” Lord Byron
85%
“‘Keep, ancient lands, your storied pomp!’ cries she
With silent lips. ‘Give me your tired, your poor,
Your huddled masses yearning to breathe free,
The wretched refuse of your teeming shore.
Send these, the homeless, tempest-tost to me,
I lift my lamp beside the golden door!’”
“The New Colossus” Emma Lazarus
60%
“Finally, from so little sleeping and so much reading, his brain dried up and he went completely out of his mind.” Don Quixote Miguel de Cervantes Saavedra
35%
"It is a great misfortune to be alone, my friends; and it must be believed that solitude can quickly destroy reason." The Mysterious Island Jules Verne
30%
"And meanwhile time goes about its immemorial work of making everyone look and feel like shit." London Fields Martin Amis
30%
“We cast a shadow on something wherever we stand, and it is no good moving from place to place to save things; because the shadow always follows. Choose a place where you won’t do harm - yes, choose a place where you won’t do very much harm, and stand in it for all you are worth, facing the sunshine.” A Room with a View E. M. Forster
25%
“Sometimes we get sad about things and we don’t like to tell other people that we are sad about them. We like to keep it a secret. Or sometimes, we are sad but we really don’t know why we are sad, so we say we aren’t sad but we really are.” The Curious Incident of the Dog in the Night-Time Mark Haddon
25%
“Clocks slay time… time is dead as long as it is being clicked off by little wheels; only when the clock stops does time come to life.” The Sound and the Fury William Faulkner
25%
“Terror made me cruel; and finding it useless to attempt shaking the creature off, I pulled its wrist on to the broken pane, and rubbed it to and fro till the blood ran down and soaked the bedclothes...” Wuthering Heights Emily Brontë
20%
“None of those other things makes a difference. Love is the strongest thing in the world, you know. Nothing can touch it. Nothing comes close. If we love each other we’re safe from it all. Love is the biggest thing there is.” Snow Falling on Cedars David Guterson
5%
No matching quizzes found
Score Distribution
Percent of People with Each Score
Percentile by Number Answered
Your Score History
You have not taken this quiz